| 000 | 01628nam a2200289 a 4500 | ||
|---|---|---|---|
| 001 | 000039120 | ||
| 003 | DO-SdBNP | ||
| 005 | 20221103134637.0 | ||
| 007 | ta | ||
| 008 | 130523s2012 dr ac 000 0 spa d | ||
| 020 | _a9789945006841 | ||
| 040 |
_aDO-SdBNP _bspa _cBNPHU |
||
| 082 | 4 |
_222 _bM878d |
|
| 100 | 1 |
_aMorrison, Heriberto _96495 |
|
| 245 | 1 | 3 |
_aEl deporte en el marco de la estrategia nacional de desarrollo: _bretos y perspectivas. / _cHeriberto Morrison; fotografía de cubierta, Merian Pérez. |
| 260 |
_aSanto Domingo : _bEditora Búho, _c2012. |
||
| 300 |
_a111 p. : _bil., retrs. ; _c23 cm. |
||
| 500 | _aIncluye datos biográficos del autor en las solapas de las cubiertas. | ||
| 504 | _aBibliografía: 110 - 111 | ||
| 505 |
_aDedicatoria. _gReconocimientos. _gIntroducción. _tCapítulo I. _tAntecedentes.-- _tCapítulo II. _tEl deporte y el Estado.-- _tCapítulo III. _tLa Ley 1-12 de Estrategia Nacional _tCapítulo IV. _tEstrategia de Desarrollo en Deporte.-- _tCapítulo V. _tPunto de partida.-- _tCapítulo VI. _tCapítulo VI. _tOrganización de entidades deportivas.-- _tCapítulo VII. _tA la Vanguardia.-- _tCapítulo VIII. _t¿Avance o Retroceso?.-- _tCapítulo IX. _tLey contradictoria.-- _tCapítulo X. _tPerspectivas y Retos.-- _tRecomendaciones y sugerencias que podrían ser útiles a la actualización del Plan Plurianual 2013 - 2016.-- _tFuentes bibliográficas. |
||
| 590 | _aInventariado 2022 / MF | ||
| 650 | 4 |
_916540 _aDeportes _xLegislación _zRepública Dominicana |
|
| 650 | 0 |
_919547 _aDeporte _zRepública Dominicana |
|
| 700 | 1 |
_aPérez, Merian _efoto _982683 |
|
| 910 | _aMFeliz | ||
| 942 |
_2ddc _cLBS1 |
||
| 999 |
_c38610 _d38610 |
||